00733nam a2200205 i 450000100060000000300090000600500170001500700030003200800410003508000140007610000350009024501100012526000540023530000270028949000220031683000300033885200210036899900170038995201210040647644ES-MaACL20230906161614.0t|030509s1945 sp ||||1| spa d a665.1.0341 aColom Virgili, Ramón.93979910aExtracción por disolventes y refinación industrial de aceites y grasas / cpor Ramón Colom Virgili. aBarcelona : b[s.n.], c1945 (fTip. Cat. Casals) aXIV, 479 p. ; c25 cm.1 aManuales Scientia0 aManuales Scientia9182196 aES-MaACLjD-6645 c47644d47644 00104070aATENEOMbATENEOMcSVId2008-01-17eSCl0oD-6645p901050128r2023-02-23 00:00:00w2023-02-23yMONOGRAFIA